[Event "TCh-ESP Honor Gp2"]
[Site "Torrelavega ESP"]
[Date "2007.06.27"]
[Round "1"]
[White "Inarkiev,E"]
[Black "Delchev,A"]
[Result "1/2-1/2"]
[WhiteElo "2669"]
[BlackElo "2600"]

1.d4 d5 2.c4 c6 3.Nf3 Nf6 4.Nc3 dxc4 5.a4 Bf5 6.Ne5 Nbd7 7.Nxc4 Nb6 8.Ne5 a5
9.g3 e6 10.Bg2 Bb4 11.O-O O-O 12.e3 h6 13.Qe2 Bh7 14.Rd1 Nfd7 15.Nd3 Qe7
16.f4 f6 17.e4 e5 18.dxe5 fxe5 19.f5 Nc5 20.Be3 Nxd3 21.Rxd3 Bc5 22.Rad1 Kh8
23.Qf2 Bxe3 24.Qxe3 Nc4 25.Qf2 Rfd8 26.b3 Na3 27.Qb2 Rxd3 28.Rxd3 Bg8 29.Kh1 b5
30.f6 Qxf6 31.Qxa3 b4 32.Qb2 bxc3 33.Rxc3 Rd8 34.Qc2 Qd6 35.h4 Qb4 36.Kh2 c5
37.g4 Qd4 38.g5 Rd6 39.Rxc5 Qe3 40.Qc3 Qf2 41.Rxe5 Qxh4+ 42.Qh3 Qf4+ 43.Qg3 Qd2
44.g6 Rd3 45.Qg4 Re3 46.Rb5 Rxb3 47.Rxb3 Bxb3 48.Qc8+ Bg8 49.Qc7 Qg5 50.Qd6 Qh4+
51.Kg1 Qe1+ 52.Kh2 Qh4+ 53.Kg1 Qe1+ 54.Kh2  1/2-1/2

[Event "Open"]
[Site "Pula CRO"]
[Date "2007.06.28"]
[Round "7"]
[White "Arnaudov,P"]
[Black "Kekic,A"]
[Result "1-0"]
[WhiteElo "2222"]
[BlackElo "2218"]

1.Nf3 d5 2.d4 Nf6 3.c4 c6 4.Nc3 dxc4 5.a4 Bf5 6.Ne5 Nbd7 7.Nxc4 Nb6 8.Ne5 a5
9.g3 e6 10.Bg2 Bb4 11.O-O O-O 12.e3 Nfd7 13.e4 Bg6 14.Nxg6 hxg6 15.Qe2 Qe7
16.Be3 Rfe8 17.Rfd1 Rac8 18.h4 Nf6 19.d5 Nfd7 20.dxc6 bxc6 21.Rac1 Nb8 22.Na2 Red8
23.Rxd8+ Rxd8 24.e5 Nd5 25.Bg5 f6 26.exf6 gxf6 27.Nxb4 Nxb4 28.Bd2 Kf7 29.Bh3 Rd5
30.Bxb4 axb4 31.Bg2 Ra5 32.b3 c5 33.h5 g5 34.g4 Nd7 35.Qe4 Nf8 36.Qc6 Nd7
37.Qe4 Nf8 38.Bf1 Ra7 39.Rd1 Kg7 40.Bc4 Kh6 41.Qc6 Nd7 42.Qxe6 Qxe6 43.Bxe6 Ne5
44.Rd8 c4 45.Bf5 Ra6 46.Rb8 Nf3+ 47.Kf1 Nd2+ 48.Kg2 Nxb3 49.Rb7  1-0

[Event "REDA"]
[Site "Brno CZE"]
[Date "2007.06.30"]
[Round "2"]
[White "Zavadil,M"]
[Black "Cech,P"]
[Result "0-1"]
[WhiteElo "2138"]
[BlackElo "2403"]

1.d4 d5 2.c4 c6 3.Nc3 Nf6 4.Nf3 dxc4 5.a4 Bf5 6.e3 e6 7.Bxc4 Bb4 8.O-O O-O
9.Qe2 Bg6 10.Bd3 Bxd3 11.Qxd3 c5 12.Rd1 Nc6 13.Ne4 cxd4 14.exd4 Be7 15.Nxf6+ Bxf6
16.Be3 Qe7 17.Rac1 Rfd8 18.Qb5 Rd5 19.Rc5 Rad8 20.Rxd5 Rxd5 21.Qc4 h6 22.h3 Qd7
23.Rd2 Ne7 24.b3 Nf5 25.Qc3 Qd8 26.Qb4 Qd7 27.Qc3 b5 28.axb5 Rxb5 29.Rd3 Qb7
30.Bf4 Ne7 31.Qb2 Qe4 32.Qd2 Nd5 33.Be3 Rb7 34.Ne1 Rc7 35.f3 Qg6 36.Bf2 Bg5
37.Qb2 Nf4 38.Rd1 Nxh3+ 39.Kf1 Nxf2 40.Qxf2 Qh5 41.Qg3 Rb7 42.Rb1 Bh4 43.Qe5 Qg6
44.Rb2 Bxe1 45.Qxe1 Qd3+ 46.Qe2 Rxb3 47.Qxd3 Rxd3 48.Rb8+ Kh7 49.Rb7 Kg6
50.Rxa7 Rxd4 51.Ke2 Rb4 52.Ra5 Rb2+ 53.Kf1 f5 54.Kg1 Kf6 55.Kh2 g5 56.Kh3 h5
57.Ra8 g4+ 58.fxg4 hxg4+ 59.Kg3 Re2 60.Rb8 Re3+ 61.Kf2 f4 62.Rb4 Kf5 63.Rb5+ e5
64.Rb8 Ra3 65.Rb5 Ra2+ 66.Kf1 f3 67.gxf3 gxf3 68.Rb8 e4 69.Rf8+ Kg4 70.Rg8+ Kf4
71.Rb8 Ra1+  0-1

[Event "Open"]
[Site "Pula CRO"]
[Date "2007.06.30"]
[Round "9"]
[White "Ramirez,Alej"]
[Black "Nikolov,Sas"]
[Result "1-0"]
[WhiteElo "2507"]
[BlackElo "2378"]

1.d4 d5 2.c4 c6 3.Nf3 Nf6 4.Nc3 dxc4 5.a4 Bf5 6.e3 e6 7.Bxc4 Bb4 8.O-O Nbd7
9.Qe2 Bg6 10.e4 O-O 11.Bd3 Re8 12.e5 Nd5 13.Bxg6 hxg6 14.Ne4 Be7 15.Bg5 f6
16.exf6 gxf6 17.Bd2 Bf8 18.a5 a6 19.Qd3 Qe7 20.Qb3 Rab8 21.Nc3 Qf7 22.Nxd5 cxd5
23.Bf4 e5 24.Bg3 Bg7 25.Rfd1 Rbd8 26.dxe5 Nxe5 27.Bxe5 fxe5 28.Ng5 Qd7 29.Ra4 Qb5
30.Rb4 Qxa5 31.Rxb7 e4 32.Qh3  1-0

[Event "White Nights"]
[Site "St Petersburg RUS"]
[Date "2007.06.30"]
[Round "6"]
[White "Kopasov,E"]
[Black "Timofeev,An"]
[Result "0-1"]
[WhiteElo "2110"]
[BlackElo "2251"]

1.d4 d5 2.c4 c6 3.Nf3 Nf6 4.Nc3 dxc4 5.a4 Bf5 6.Ne5 Na6 7.e3 Nb4 8.Bxc4 e6
9.O-O a5 10.Qe2 Bc2 11.Na2 Be4 12.f3 Bd5 13.e4 Bxc4 14.Qxc4 Nd7 15.Nxd7 Qxd7
16.Be3 Nxa2 17.Qxa2 Bd6 18.Rad1 O-O 19.f4 Rfe8 20.Qb3 Bb4 21.Bc1 Rad8 22.Rf3 g6
23.Rfd3 Qc7 24.f5 exf5 25.exf5 Rd5 26.fxg6 hxg6 27.Rh3 Qd7 28.Rf1 Rf5 29.Be3 Qd5
30.Qd3 Rxf1+ 31.Qxf1 Bf8 32.Bf2 Bg7 33.Rd3 Rd8 34.h3 c5 35.Bh4 Bxd4+ 36.Kh1 Re8
37.Bf6 Qe4 38.Bxd4 cxd4 39.Qd1 Rd8 40.b3 Kg7 41.Qd2 Rd5 42.Qd1 Qf4 43.Kg1 Qe4
44.Qd2 b6 45.Kh2 f5 46.Qd1 Kf6 47.Qd2 Ke5 48.Qd1 Rc5 49.Rg3 Rc3 50.Rxc3 dxc3
51.Qd7 Qf4+ 52.Kh1 Ke4 53.Qc6+ Kd3 54.Qb5+ Kd2 55.Qd5+ Kc1 56.Qe6  0-1

[Event "Kotov Mem"]
[Site "Tula RUS"]
[Date "2007.07.03"]
[Round "6"]
[White "Bagirov,R"]
[Black "Castaneda,Geo"]
[Result "1/2-1/2"]
[WhiteElo "2487"]
[BlackElo "2457"]

1.d4 Nf6 2.Nf3 d5 3.c4 c6 4.Nc3 dxc4 5.a4 Bf5 6.Ne5 e6 7.f3 Bb4 8.e4 Bxe4
9.fxe4 Nxe4 10.Bd2 Qxd4 11.Nxe4 Qxe4+ 12.Qe2 Bxd2+ 13.Kxd2 Qd5+ 14.Kc2 Na6
15.Nxc4 O-O-O 16.Qe5 f6 17.Qxd5 cxd5 18.Na5 Nc7 19.Rd1 e5  1/2-1/2

[Event "Summer GM"]
[Site "Lugansk UKR"]
[Date "2007.07.04"]
[Round "5"]
[White "Kobylkin,E"]
[Black "Soshnikov,M"]
[Result "0-1"]
[WhiteElo "2374"]
[BlackElo "2265"]

1.d4 d5 2.c4 c6 3.Nc3 Nf6 4.Nf3 dxc4 5.a4 Bf5 6.e3 e6 7.Bxc4 Bb4 8.O-O O-O
9.Nh4 Bg4 10.f3 Bh5 11.g4 Bg6 12.Nxg6 hxg6 13.Qe2 Nbd7 14.e4 e5 15.Be3 Qe7
16.Rad1 Rad8 17.Kh1 c5 18.dxc5 Bxc3 19.bxc3 Nxc5 20.Qc2 b6 21.Be2 Rd7 22.Rxd7 Nfxd7
23.Rd1 Ne6 24.Bb5 Ndc5 25.a5 Qf6 26.Qe2 a6 27.Bd3 b5 28.Kg2 Rc8 29.Bc2 Nb7
30.Rd7 Nxa5 31.Ra7 Rxc3 32.Rxa6 Nf4+ 33.Bxf4 Qxa6 34.Bxe5 Rc8 35.Bd3 Nc4  0-1

[Event "Pivdenny Bank Cup"]
[Site "Odessa UKR"]
[Date "2007.07.05"]
[Round "4"]
[White "Shirov,A"]
[Black "Tukmakov,V"]
[Result "1-0"]
[WhiteElo "2699"]
[BlackElo "2551"]

1.d4 d5 2.c4 c6 3.Nf3 Nf6 4.Nc3 dxc4 5.a4 Bf5 6.Ne5 Nbd7 7.Nxc4 Nb6 8.Ne5 a5
9.e3 Nfd7 10.Nxf7 Kxf7 11.Qf3 e6 12.g4 Qf6 13.gxf5 exf5 14.Bd3 g6 15.Bd2 Bb4
16.h4 h5 17.Rg1 Nf8 18.O-O-O Ne6 19.e4 Nxd4 20.Qh3 Nb3+ 21.Kc2 Nxd2 22.exf5 Bxc3
23.Rxg6 Qe5 24.Re6 Qd5 25.Kxc3 Nxa4+ 26.Kxd2 Nxb2 27.Rb1 Nxd3 28.Rxb7+ Kf8
29.Qxd3 Rd8 30.Qxd5 Rxd5+ 31.Ke3 Rxf5 32.Rxc6 Re5+ 33.Kf4 Re8 34.Rf6+ Kg8
35.Rg6+ Kf8 36.Ra6 Kg8 37.Raa7 Rf8+ 38.Kg5 Rxf2 39.Rb8+ Rf8 40.Rxf8+ Kxf8
41.Kg6  1-0

[Event "WGM"]
[Site "Bad Homburg GER"]
[Date "2007.07.06"]
[Round "1"]
[White "Zhao Xue"]
[Black "Paehtz,E"]
[Result "1-0"]
[WhiteElo "2500"]
[BlackElo "2457"]

1.d4 d5 2.c4 c6 3.Nc3 Nf6 4.Nf3 dxc4 5.a4 Bf5 6.Ne5 e6 7.f3 c5 8.e4 cxd4
9.exf5 Bb4 10.Be3 dxc3 11.Qxd8+ Kxd8 12.O-O-O+ Ke7 13.bxc3 Ba3+ 14.Kc2 Nd5
15.Bf2 Rc8 16.fxe6 fxe6 17.Bxc4 Nc6 18.Rhe1 Nxe5 19.Bxd5 exd5 20.Rxe5+ Kf8
21.Rexd5 Bb4  1-0

[Event "Zudov Mem B"]
[Site "Nizhnij Tagil RUS"]
[Date "2007.07.07"]
[Round "2"]
[White "Kuligin,E"]
[Black "Yuzhakov,O"]
[Result "0-1"]
[WhiteElo "2355"]
[BlackElo "2266"]

1.d4 d5 2.c4 c6 3.Nf3 Nf6 4.Nc3 dxc4 5.a4 Bf5 6.e3 e6 7.Bxc4 Nbd7 8.O-O Bb4
9.Qe2 O-O 10.e4 Bg4 11.e5 Nd5 12.Bd2 Bxc3 13.bxc3 f6 14.Qe4 Bxf3 15.gxf3 fxe5
16.dxe5 Rf5 17.f4 Nc5 18.Qd4 Nxf4 19.Kh1 Qf8 20.Be3 b6 21.Qd1 Nd5 22.Bd4 Rf3
23.Bxd5 cxd5 24.Kg2 Rf4 25.a5 b5 26.a6 Rc8 27.f3 Rh4 28.Qb1 Qf4 29.Bg1 Qc4
30.Bf2 Rh5 31.Qb4 Rg5+ 32.Bg3 Qe2+ 33.Rf2 Qxf2+  0-1

[Event "Lake Sevan"]
[Site "Martuni ARM"]
[Date "2007.07.10"]
[Round "5"]
[White "Vovk,Y"]
[Black "Pashikian,A"]
[Result "1/2-1/2"]
[WhiteElo "2523"]
[BlackElo "2538"]

1.d4 d5 2.c4 c6 3.Nc3 Nf6 4.Nf3 dxc4 5.a4 Bf5 6.Ne5 e6 7.g3 Bb4 8.Bg2 Ne4
9.O-O Nd6 10.e4 Bg6 11.h4 f6 12.h5 Bxc3 13.hxg6 Bb4 14.Nxc4 hxg6 15.Qg4 Kf7
16.d5 Qe7 17.Nxd6+ Bxd6 18.Rd1 Nd7 19.a5 Rad8 20.Be3 c5 21.dxe6+ Qxe6 22.Qe2 Ne5
23.Rd5 Qg4 24.Qd1 Be7 25.Bxc5 Qxd1+ 26.Raxd1 Rxd5 27.Rxd5 Bxc5 28.Rxc5 Re8
29.f4 Nc6 30.e5 Nd8 31.Bd5+ Kf8 32.Rc8 fxe5 33.fxe5 Rxe5 34.Rxd8+ Ke7 35.Rb8 Rxd5
36.Rxb7+ Rd7 37.a6 Kd6 38.Kf2 Rxb7 39.axb7 Kc7 40.Ke3 Kxb7 41.Kf4 Kc6  1/2-1/2

[Event "XXII Tadeusz Gniota Mem"]
[Site "Police POL"]
[Date "2007.07.11"]
[Round "1"]
[White "Schmidt,Wl"]
[Black "Graf,Paw"]
[Result "1-0"]
[WhiteElo "2415"]
[BlackElo "2130"]

1.d4 d5 2.c4 c6 3.Nc3 Nf6 4.Nf3 dxc4 5.a4 Bf5 6.Ne5 Nbd7 7.Nxc4 Qc7 8.g3 e5
9.dxe5 Nxe5 10.Bf4 Nfd7 11.Bg2 f6 12.O-O Rd8 13.Qc1 Nc5 14.Qe3 Nb3 15.Nxe5 Qb6
16.Nxc6+ Qxe3 17.Bxe3 bxc6 18.Bxc6+ Bd7 19.Bxd7+ Rxd7 20.Rad1 Bb4 21.Nd5 Bc5
22.Rd3 Rb7 23.Rxb3 Rxb3 24.Bxc5 Rxb2 25.Bxa7 Rxe2 26.Rd1 Kf7 27.Bb6 Ra2 28.a5 h5
29.Nf4 Rh6 30.Rd7+ Kg8 31.h4 g5 32.Nd5 gxh4 33.gxh4 Ra1+ 34.Kg2 Ra4 35.Kf3 f5
36.Be3 Re6 37.Bg5 Kf8 38.Nf6 Ra3+ 39.Kf4 Ra4+ 40.Kxf5 Rxa5+ 41.Kg6  1-0

[Event "XXX Open"]
[Site "Barbera del Valles ESP"]
[Date "2007.07.13"]
[Round "8"]
[White "Almeida Quintana,O"]
[Black "Camarena Gimenez,R"]
[Result "1-0"]
[WhiteElo "2501"]
[BlackElo "2332"]

1.d4 d5 2.c4 c6 3.Nf3 Nf6 4.Nc3 dxc4 5.a4 Bf5 6.Ne5 e6 7.f3 c5 8.e4 Bg6 9.d5 exd5
10.Nxg6 hxg6 11.e5 Qe7 12.Qe2 Nh5 13.Nxd5 Qd8 14.Qe4 Ng3 15.hxg3 Rxh1 16.e6 f5
17.Qe5 Qd6 18.Nc7+ Kd8 19.Bf4 Kxc7 20.e7  1-0

[Event "ChIP"]
[Site "Paris FRA"]
[Date "2007.07.13"]
[Round "7"]
[White "Fayard,A"]
[Black "Fressinet,L"]
[Result "0-1"]
[WhiteElo "2305"]
[BlackElo "2646"]

1.d4 d5 2.c4 c6 3.Nf3 Nf6 4.Nc3 dxc4 5.a4 Bf5 6.Ne5 Na6 7.Bg5 Ne4 8.Bh4 f6
9.Nxc4 e5 10.e3 Nb4 11.Rc1 exd4 12.exd4 g5 13.Bg3 Qe7 14.Be2 Nxg3 15.hxg3 Nd3+
16.Kf1 Nxc1 17.Qxc1 Bg7 18.g4 Be6 19.Rh3 O-O-O 20.Qe3 Rhe8 21.Rxh7 Bg8 22.Rh3 Qb4  0-1

[Event "Open A"]
[Site "Oberwart AUT"]
[Date "2007.07.15"]
[Round "9"]
[White "Gofshtein,Z"]
[Black "Gergacz,A"]
[Result "1-0"]
[WhiteElo "2541"]
[BlackElo "2324"]

1.d4 d5 2.c4 c6 3.Nf3 Nf6 4.Nc3 dxc4 5.a4 Bf5 6.Ne5 e6 7.f3 Bb4 8.Nxc4 c5
9.dxc5 Qxd1+ 10.Kxd1 Bxc5 11.e4 Bg6 12.Nb5 Kd7 13.Ne5+ Kd8 14.Bf4 Nbd7 15.Nd3 a6
16.Nd6 Bxd6 17.Bxd6 Rc8 18.Be2 Ne8 19.Bb4 e5 20.Kd2 f6 21.Rhc1 Nc7 22.Ke3 Ne6
23.Bd1 Rxc1 24.Rxc1 Nd4 25.Ba5+ b6 26.Bc3 Ne6 27.Bb4 Nb8 28.a5 b5 29.Bb3 Nd4
30.Bd5 Be8 31.Bc5 Ndc6 32.f4 exf4+ 33.Nxf4 Bd7 34.Nh5 Be8 35.Be6  1-0

[Event "ChIP"]
[Site "Paris FRA"]
[Date "2007.07.15"]
[Round "9"]
[White "Pile,R"]
[Black "Mullon,J"]
[Result "1/2-1/2"]
[WhiteElo "2277"]
[BlackElo "2333"]

1.d4 d5 2.c4 c6 3.Nf3 Nf6 4.Nc3 dxc4 5.a4 Bf5 6.e3 e6 7.Bxc4 Bb4 8.O-O Nbd7
9.Nh4 O-O 10.Nxf5 exf5 11.Qb3 Qb6 12.Bd2 Bd6 13.Qxb6 Nxb6 14.Bb3 Rac8 15.Rac1 Rfd8
16.Rfd1 Kf8 17.h3 Ke7 18.Be1 Nbd5 19.Nxd5+ Nxd5 20.Bxd5 cxd5 21.Kf1 Kd7 22.Ke2 f4
23.Bd2 fxe3 24.Kxe3 h5 25.Rxc8 Rxc8 26.Kd3 f5 27.Re1 Rf8 28.f3 f4 29.Re2 g5
30.Re1 Rg8 31.Bc3 Rc8 32.Bd2 Rc4 33.Ra1 Ke6 34.Re1+ Kf7 35.b3 Rc8 36.Rc1 Rg8
37.Rh1 Kf6 38.Ke2 Kf5 39.Kd3 Rg6 40.Ke2 Be7 41.Kd3 Rb6 42.Kc2 Bf6 43.Bc3 Re6
44.Kd2 Re7 45.Re1 Rg7 46.Rh1 a6 47.Kd3 b5 48.axb5 axb5 49.Ra1 g4 50.hxg4+ hxg4
51.Rh1 gxf3 52.gxf3 Rg3 53.Rh5+ Bg5 54.Ke2 Rg2+ 55.Kd3 Kg6 56.Rh1 Rf2 57.Rh3 Kf5
58.Bd2 Bf6 59.Rh5+ Bg5 60.Rh3 Rg2 61.Rh1 Rg3 62.Ke2 Rg2+ 63.Kd3 Kg6 64.Bc1 Ra2
65.Bd2  1/2-1/2

[Event "Heart of Finland"]
[Site "Jyvaskyla FIN"]
[Date "2007.07.17"]
[Round "4"]
[White "Johansson,Ju"]
[Black "Topi Hulmi,T"]
[Result "1-0"]
[WhiteElo "2127"]
[BlackElo "2288"]

1.d4 d5 2.c4 c6 3.Nf3 Nf6 4.Nc3 dxc4 5.a4 Bf5 6.Nh4 e6 7.Nxf5 exf5 8.Bg5 Nbd7
9.e3 Bb4 10.Bxc4 Qa5 11.Qb3 O-O 12.O-O Ne4 13.Nxe4 fxe4 14.Bf4 Nb6 15.Bc7 Rac8
16.Bxb6 Qxb6 17.Rad1 Bd6 18.Qc2 Rce8 19.f3 exf3 20.Rxf3 Qc7 21.Rdf1 Re7 22.Rh3 g6
23.Qf2 Re4 24.Rf3 Kh8 25.Bd3 Re7 26.Qh4 Ree8 27.Qf6+ Kg8 28.Bc4 Re7 29.Rh3 Rd7
30.Qh4 h5 31.Qf6 Kh7 32.Rxh5+ gxh5 33.Rf5 Bxh2+ 34.Kh1  1-0

[Event "Najdorf Mem GpA"]
[Site "Grodzisk Mazowiecki POL"]
[Date "2007.07.21"]
[Round "2"]
[White "Krasiewicz,R"]
[Black "Kludacz,M"]
[Result "0-1"]
[WhiteElo "2042"]
[BlackElo "2244"]

1.d4 d5 2.c4 c6 3.Nc3 Nf6 4.Nf3 dxc4 5.a4 Bf5 6.Ne5 Nbd7 7.Nxc4 Qc7 8.g3 e5
9.Bg2 Rd8 10.O-O Be6 11.Ne3 exd4 12.Qxd4 Nc5 13.Qf4 Bd6 14.Qg5 h6 15.Qxg7 Ke7
16.Ncd5+ cxd5 17.Bxd5 Rh7 18.Qxh7 Nxh7 19.Bxe6 fxe6 20.b4 Ne4 21.Ba3 Rg8
22.Rfc1 Qb8 23.Rc4 Nxf2 24.Kxf2 Bxg3+ 25.Kf3 Qf8+ 26.Ke4 Qf4+ 27.Kd3 Rd8+
28.Kc2 Qxe3  0-1

[Event "33rd Open"]
[Site "Sitges ESP"]
[Date "2007.07.21"]
[Round "4"]
[White "Moskalenko,V"]
[Black "Beltran Rueda,S"]
[Result "1-0"]
[WhiteElo "2560"]
[BlackElo "2423"]

1.d4 d5 2.c4 c6 3.Nf3 Nf6 4.Nc3 dxc4 5.a4 Bf5 6.g3 e6 7.Bg2 Bb4 8.O-O Nbd7
9.Nh4 Bg4 10.Qc2 O-O 11.Rd1 a5 12.Na2 Nb6 13.h3 Bh5 14.g4 Bg6 15.Nxg6 hxg6
16.e4 Be7 17.Bf4 Nh7 18.b3 Bg5 19.Bxg5 Qxg5 20.bxc4 Nd7 21.Rab1 Rab8 22.e5 f5
23.exf6 Rxf6 24.Nc3 Qh4 25.Ne4 Rf4 26.Qd2 g5 27.d5 Ne5 28.Qc3 Ng6 29.dxc6 Rbf8
30.cxb7 Rxe4 31.Qg3 Rxc4 32.b8=Q Rxb8 33.Rxb8+ Kf7 34.Rb7+ Kf6 35.Qd3 Ne5
36.Qd8+  1-0

[Event "33rd Open"]
[Site "Sitges ESP"]
[Date "2007.07.21"]
[Round "4"]
[White "Tjiam,D"]
[Black "Cuijpers,F"]
[Result "1/2-1/2"]
[WhiteElo "2357"]
[BlackElo "2484"]

1.d4 d5 2.c4 c6 3.Nf3 Nf6 4.Nc3 dxc4 5.a4 Bf5 6.Nh4 Bd7 7.g3 e6 8.Bg2 c5
9.O-O Bc6 10.Nf3 Nbd7 11.Bf4 Rc8 12.Nb5 Bxb5 13.axb5 Qb6 14.Qa4 cxd4 15.Rfc1 Be7
16.Rxc4 O-O 17.Rxc8 Rxc8 18.Ne5 Nxe5 19.Bxe5 Rd8 20.Qxa7 Qxb5 21.Bxd4 Qxe2
22.Bxb7 h5 23.Ba6 Qg4 24.Bb6 Rd7 25.Qb8+ Kh7 26.Qe5 Rd5 27.Qe1 h4 28.Be2 Qe4
29.Bf1 Qxe1 30.Rxe1 Rd2 31.Rb1 Nd5  1/2-1/2

[Event "11th Festival Open A"]
[Site "Senta SRB"]
[Date "2007.07.22"]
[Round "3"]
[White "Helsen,S"]
[Black "Hrzica,R"]
[Result "1-0"]
[WhiteElo "2146"]
[BlackElo "2296"]

1.d4 c6 2.c4 d5 3.Nc3 Nf6 4.Nf3 dxc4 5.a4 Bf5 6.e3 e6 7.Bxc4 Bb4 8.O-O O-O
9.Ne2 Nbd7 10.Ng3 Bg6 11.Bd2 Bd6 12.b4 e5 13.Bc3 e4 14.Ne5 Nd5 15.Bxd5 cxd5
16.Qb3 Nf6 17.b5 Qe7 18.a5 a6 19.Rab1 Rac8 20.Bb4 Rfd8 21.Bxd6 Rxd6 22.Rfc1 Rxc1+
23.Rxc1 h5 24.b6 Ne8 25.Rc5 h4 26.Ne2 Bf5 27.Nf4 Be6 28.Nc6 Qg5 29.h3 Nf6
30.Nb4 Kh7 31.Nxe6 fxe6 32.Rc7 Ne8 33.Qd1 Rd8 34.Rxb7 Nd6 35.Rc7 Nc4 36.Nc6 Rf8
37.Qg4 Qh6 38.b7 Rxf2 39.Qxg7+ Qxg7 40.Rxg7+ Kxg7 41.Kxf2  1-0

[Event "MTO"]
[Site "Biel SUI"]
[Date "2007.07.25"]
[Round "3"]
[White "Vitiugov,N"]
[Black "Kaplan,S"]
[Result "0-1"]
[WhiteElo "2608"]
[BlackElo "2437"]

1.d4 d5 2.c4 c6 3.Nc3 Nf6 4.Nf3 dxc4 5.a4 Bf5 6.Ne5 e6 7.f3 c5 8.e4 Bg6 9.d5 exd5
10.Nxg6 hxg6 11.e5 Nfd7 12.Qxd5 Nc6 13.f4 Qe7 14.Qe4 O-O-O 15.g3 f5 16.Qg2 g5
17.Nd5 Qe8 18.Be3 gxf4 19.gxf4 g5 20.Qxg5 Ndxe5 21.Qxf5+ Kb8 22.fxe5 Rxd5
23.Be2 Ka8 24.Bf4 Bh6 25.Bh5 Qe7 26.Bf7 Rf8 27.Qf6 Qxf7 28.Qxf7 Rxf7 29.Bxh6 Rxe5+
30.Kd1 Rd7+ 31.Kc1 Nd4 32.Ra3 Nb3+ 33.Kb1 Re2 34.h4 Rf7 35.a5 Rff2 36.Bg7 a6
37.h5 Rh2 38.Rxh2 Rxh2 39.Bh6 Rxh5 40.Bf4 Rh1+ 41.Kc2 Rh4 42.Be3 Nd4+ 43.Kd2 Re4
44.Bxd4 cxd4 45.Rh3 Re5 46.Rh4 c3+ 47.bxc3 dxc3+ 48.Kxc3 Rxa5 49.Kb4 Rg5
50.Ka4 Ka7 51.Rf4 a5 52.Rf6 b6 53.Rf8 Ka6 54.Ra8+ Kb7 55.Rh8 Rg4+ 56.Ka3 Ka6
57.Rh5 Rg3+ 58.Ka2 a4 59.Rh8 Ka5  0-1

[Event "Arximiro Penide Cedeira Mem"]
[Site "Arteixo ESP"]
[Date "2007.07.27"]
[Round "2"]
[White "Ivanov,Jo"]
[Black "Lopez Lopez,A"]
[Result "1/2-1/2"]
[WhiteElo "2382"]
[BlackElo "2042"]

1.d4 d5 2.c4 c6 3.Nf3 Nf6 4.Nc3 dxc4 5.a4 Bf5 6.e3 e6 7.Bxc4 Bb4 8.O-O O-O
9.Qe2 Nbd7 10.e4 Bg4 11.Rd1 Re8 12.Bg5 Qa5 13.e5 Bxc3 14.bxc3 Nd5 15.Bd2 Qc7
16.Bd3 h6 17.h3 Bh5 18.a5 Ne7 19.Rdb1 Bg6 20.Be4 b6 21.Rb3 Bxe4 22.Qxe4 Rad8
23.Qg4 Kh8 24.Qh5 Kg8 25.Be3 Nf5 26.axb6 axb6 27.Rba3 Rb8 28.Nd2 b5 29.Ne4 Nb6
30.Qg4 Kf8 31.Qf3 Ra8 32.Bc1 Red8 33.g4 Ne7 34.Nd6 Ned5 35.Qd3 Kg8 36.f4 Rxa3
37.Rxa3 Ra8 38.Rxa8+ Nxa8 39.f5 Qa5 40.fxe6 fxe6 41.Bxh6 Qxc3 42.Qxc3 Nxc3
43.Bd2 Ne2+ 44.Kf2 Nxd4 45.Ba5 Nb3 46.Bd8 Nc5 47.Ke3 Kf8 48.Kd4 Nd7 49.Ne4 Ke8
50.Ba5 Ke7 51.Bb4+ Kf7 52.Ng5+ Kg6 53.Nxe6 Nab6 54.Nd8 Nd5 55.Bd2 Ne7 56.Bb4 Nd5
57.Nxc6 Nxb4 58.Nxb4 Kg5 59.Nd5 Nf8 60.Ke4 Kh4 61.Nf4 b4 62.Kd3 g5 63.e6 Nxe6
64.Nxe6 Kxh3 65.Nxg5+ Kxg4  1/2-1/2

[Event "Open NK"]
[Site "Dieren NED"]
[Date "2007.07.28"]
[Round "5"]
[White "Ernst,S"]
[Black "Rijnaarts,S"]
[Result "0-1"]
[WhiteElo "2555"]
[BlackElo "2292"]

1.d4 d5 2.c4 c6 3.Nf3 Nf6 4.Nc3 dxc4 5.a4 Bf5 6.e3 e6 7.Bxc4 a5 8.O-O Nbd7
9.Qe2 Bg4 10.h3 Bxf3 11.Qxf3 Bb4 12.Rd1 Qc7 13.e4 e5 14.Qg3 O-O-O 15.dxe5 Qxe5
16.Bf4 Qc5 17.Nb5 Nxe4 18.Qf3 cxb5 19.Bxb5 Qf5 20.Rd4 Ndc5 21.g4 Qe6 22.Rxb4 axb4
23.Rc1 g5 24.Qxe4 Rd1+  0-1

[Event "Siberia A"]
[Site "Novosibirsk RUS"]
[Date "2007.07.29"]
[Round "11"]
[White "Aketaeva,D"]
[Black "Kagirov,R"]
[Result "0-1"]
[WhiteElo "2248"]
[BlackElo "2317"]

1.Nf3 d5 2.d4 c6 3.c4 Nf6 4.Nc3 dxc4 5.a4 Bf5 6.e3 Na6 7.Bxc4 e6 8.O-O Nb4
9.Qe2 Be7 10.h3 Ne4 11.Ne5 h5 12.Qf3 Ng5 13.Qe2 Ne4 14.Rd1 h4 15.Nxe4 Bxe4
16.Qg4 Bf5 17.Qf3 O-O 18.Bd2 a5 19.e4 Bh7 20.Bc3 Bg5 21.Qg4 Bh6 22.Nf3 Qc7
23.Qxh4 Qf4 24.Qxf4 Bxf4 25.e5 Bc2 26.Re1 Rfd8 27.Re2 Bh7 28.Bd2 Bxd2 29.Rxd2 Rd7
30.Ng5 Rad8 31.Nxe6 fxe6 32.Bxe6+ Kf8 33.Bxd7 Rxd7 34.Ra3 Ke7 35.Rc3 Ke6
36.g4 Rf7 37.Kg2 g5 38.h4 gxh4 39.Rh3 Be4+ 40.f3 Bd5 41.Kf2 c5 42.dxc5 Kxe5
43.Ke3 Bc6 44.Rd8 Nc2+ 45.Kf2 Nd4 46.Rxh4 Rxf3+ 47.Ke1 Re3+ 48.Kf1 Rd3 49.g5 Rd2
50.Rg4 Bxa4 51.Rf8 Bb5+ 52.Kg1 Bd7 53.Rg2 Rd1+ 54.Kh2 Bc6 55.g6 Bxg2 56.Kxg2 Ne6
57.g7 Nxg7 58.Rf7 Rd2+ 59.Kf3 Rxb2 60.Rxg7 Kd4 61.Rc7 Kd5 62.Rc8 Rb5 63.Rc7 a4
64.c6 bxc6 65.Ra7 Rb4 66.Ke2 Kc4 67.Kd1 Kb3 68.Rh7 Rg4 69.Kc1 Rg1+ 70.Kd2 c5
71.Rb7+ Kc4 72.Rc7 Rg2+ 73.Kc1 Kb3 74.Rb7+ Kc3 75.Kb1 a3 76.Rh7 Rd2 77.Rh3+ Rd3
78.Rh7 c4 79.Ka2 Kc2 80.Rc7 c3 81.Rh7 Rd8 82.Rh3 Re8 83.Rh7 Kd2 84.Kxa3 c2
85.Rd7+ Kc1 86.Rc7 Ra8+ 87.Kb3 Kb1  0-1

[Event "ch-ISL"]
[Site "Reykjavik ISL"]
[Date "2007.08.02"]
[Round "6"]
[White "Gretarsson,Hj"]
[Black "Arngrimsson,D"]
[Result "1/2-1/2"]
[WhiteElo "2168"]
[BlackElo "2316"]

1.d4 d5 2.c4 c6 3.Nf3 Nf6 4.Nc3 dxc4 5.a4 Bf5 6.Ne5 Nbd7 7.Nxc4 Nb6 8.Ne5 a5
9.f3 Nfd7 10.Nxd7 Nxd7 11.e4 Bg6 12.Be3 e6 13.Bd3 Bb4 14.f4 f5 15.e5 O-O
16.O-O Kh8 17.Qb3 Nb6 18.Rad1 Bh5 19.Rc1 c5 20.Bf2 cxd4 21.Nb5 Nd5 22.Nxd4 Nxf4
23.Bc4 Re8 24.Be3 Nd5 25.Bxd5 Qxd5 26.Qxd5 exd5 27.Nxf5 Be2 28.Rf2 Bd3 29.Bd4 Rac8
30.Rd1 Bc2 31.Rdf1 Bd3 32.e6  1/2-1/2

[Event "Open"]
[Site "Olomouc CZE"]
[Date "2007.08.04"]
[Round "3"]
[White "Gumula,D"]
[Black "Pace,P"]
[Result "1-0"]
[WhiteElo "2387"]
[BlackElo "2210"]

1.d4 d5 2.c4 c6 3.Nc3 Nf6 4.Nf3 dxc4 5.a4 Bf5 6.e3 e6 7.Bxc4 Bb4 8.O-O O-O
9.Qe2 Bg6 10.Ne5 Nbd7 11.Nxg6 hxg6 12.Rd1 Qa5 13.Qc2 e5 14.Ne4 Nxe4 15.Qxe4 exd4
16.exd4 Nb6 17.Bb3 Nd5 18.Qf3 Rad8 19.h4 Rd7 20.g3 Rfd8 21.Kg2 Nf6 22.Bg5 Be7
23.Re1 Qb4 24.Re3 Nd5 25.Bxd5 Bxg5 26.Rb3 Qxd4 27.Bxc6 bxc6 28.hxg5 Rd5 29.Qe3 Qxe3
30.Rxe3 Rxg5 31.Re7 a5 32.Rae1 Rf5 33.b3 g5 34.R1e5 Rd5 35.Rxf5 Rxf5 36.Re4 Kf8
37.g4 Rd5 38.Kf3 c5 39.Ke3 f6 40.Re6 Rd1 41.Rb6 Rb1 42.Kd3 Rd1+ 43.Kc4 Rd4+
44.Kxc5 Rxg4 45.b4 axb4 46.a5 b3 47.Rxb3 Ra4 48.Kb6 Ra2 49.f3 Kf7 50.a6 Kg6
51.a7 Kh5 52.Rb4 f5 53.Rb5 Rxa7 54.Kxa7 g6 55.Kb6 g4 56.fxg4+ Kxg4 57.Kc5 g5
58.Kd5 Kf4 59.Rb4+ Kg3 60.Rb3+ Kf4 61.Rb4+ Kg3 62.Rb3+ Kf4 63.Ke6 g4 64.Rb4+ Kf3
65.Kxf5 g3 66.Rb3+ Kf2 67.Kf4 g2 68.Rb2+ Kf1 69.Kf3 g1=N+ 70.Ke3 Nh3 71.Rh2 Ng1
72.Rf2+ Ke1 73.Rg2 Nh3 74.Rg3  1-0

[Event "XXII Rapid"]
[Site "Villarrobledo ESP"]
[Date "2007.08.04"]
[Round "5"]
[White "Mchedlishvili,M"]
[Black "Sokolov,Iv NED"]
[Result "1/2-1/2"]
[WhiteElo "2624"]
[BlackElo "2666"]

1.c4 Nf6 2.d4 c6 3.Nf3 d5 4.Nc3 dxc4 5.a4 Bf5 6.Ne5 Nbd7 7.Nxc4 Nb6 8.Ne5 a5
9.e3 e6 10.g4 Bg6 11.h4 Bd6 12.h5 Be4 13.Nxe4 Nxe4 14.Bg2 Bb4+ 15.Kf1 Nf6
16.Nd3 Be7 17.g5 Nfd7 18.g6 hxg6 19.hxg6 Rxh1+ 20.Bxh1 f5 21.Nf4 Nf8 22.Qb3 Kd7
23.e4 fxe4 24.Bxe4 Bd6 25.Nd3 Kc7 26.Be3 Qh4 27.Bg2 Nd5 28.Rc1 Nxe3+ 29.fxe3 Qf6+
30.Ke2 Nxg6 31.Rf1 Qe7 32.Be4 Nh4 33.Qc4 g5 34.Rc1 Ra6 35.Nc5 Bxc5 36.dxc5 Nf5
37.Qc3 Kb8 38.Qe5+ Qc7 39.Qxc7+ Kxc7 40.Bxf5 exf5 41.Rf1 Ra8 42.Rxf5 Rh8
43.Rxg5 Rh2+ 44.Kd3 Rxb2 45.Rg7+ Kc8 46.Rg8+ Kd7 47.Ra8 Rb3+ 48.Kd2 Ke6 49.e4 Ke5
50.Rxa5 Kxe4 51.Kc2 Rh3 52.Ra7 Rh7 53.a5 Kd4 54.a6 Rh2+ 55.Kb1 bxa6 56.Rxa6 Kxc5
57.Ra3 Kb4 58.Rg3 c5 59.Kc1 c4 60.Rf3  1/2-1/2

[Event "US Open"]
[Site "Cherry Hill USA"]
[Date "2007.08.05"]
[Round "9"]
[White "Zimmer,R"]
[Black "Ballantyne,W"]
[Result "1-0"]
[WhiteElo "2242"]
[BlackElo "2011"]

1.d4 Nf6 2.Nf3 d5 3.c4 c6 4.Nc3 dxc4 5.a4 Bf5 6.e3 e6 7.Bxc4 Bb4 8.O-O Nbd7
9.Qb3 a5 10.Na2 Qb6 11.Nxb4 Qxb4 12.Qxb4 axb4 13.Bd2 Nb6 14.Bb3 Nbd5 15.Rfc1 O-O
16.Ne5 Ne4 17.Be1 f6 18.Nf3 g5 19.Nd2 Nd6 20.Nf1 Rfe8 21.f3 Bd3 22.e4 Nf4
23.Rd1 Be2 24.Rd2 Nc4 25.Rxe2 Nxe2+ 26.Kf2 Na5 27.Bxe6+ Rxe6 28.Kxe2 Nb3
29.Rd1 Rxa4 30.Ne3 c5 31.dxc5 Nxc5 32.Rd4 Na6 33.g4 Ra2 34.Nd1 Kf7 35.Bxb4 Nxb4
36.Rxb4 Re7 37.Ne3 Rc7 38.Kd3 Ra1 39.Nd5 Rd7 40.Rb6 Kg7 41.Ke3 Ra6 42.Rb5 Rc6
43.h3 Rc2 44.Rb6 Rf7 45.b4 Rh2 46.Re6 Rxh3 47.Kf2 h5 48.gxh5 Rxh5 49.Kg2 Rh8
50.b5 Rc8 51.b6 Rc5 52.Rd6 Rb5 53.Kg3 Rb3 54.Kg4 Rd3 55.Rd8 Rb3 56.Rc8 Rb1
57.Kf5 Rb3 58.Ke6 Rb5 59.Kf5 Rb2 60.Ke6 Rb3 61.Rc3 Rxc3 62.Nxc3 Kg6 63.Nd5 Rh7
64.Nxf6 Rh3 65.Nd7 Rh1 66.Ne5+ Kh5 67.Kf5 Rb1 68.Nd7 Kh4 69.e5 Kg3 70.Kxg5 Kxf3
71.e6 Re1 72.Kf6 Kf4 73.e7 Rxe7 74.Kxe7  1-0